000 01104nam a2200277Ia 4500
003 OSt
005 20221005104328.0
006 a|||||r|||| 00| 0
007 ta
008 221004b |||||||| |||| 00| 0 hin d
020 _a9789352662968 (hbk)
_cINR 350.00
024 _a66126
037 _bGV728, 11/03/2020, Vani Prakashan
_cTextual
040 _aCRL
_cCRL
_bhin
041 _2hin
_ahin
082 _aO152,3N41x, Q8
100 _aसुशील कुमार फुल्ल, ले.
245 0 _aसुशील कुमार फुल्ल की लोकप्रिय कहानियॉं
246 _aSushīl kumār fulla kī lokapriya kahāniyaॉan
260 _aदिल्ली
_bप्रभात प्रकाशन भारत
_c2018
300 _a176पृ0
_ccm.
650 _a हिन्दी साहित्य
650 _aहिन्दी कहानी
942 _hO152,3N41x, Q8
_cTEXL
_2cc
999 _c1012384
_d1012384